| 000 | 01770cam a2200385 i 4500 | ||
|---|---|---|---|
| 001 | 18110845 | ||
| 003 | OSt | ||
| 005 | 20240220130711.0 | ||
| 008 | 140410s2014 nyua 000 0 eng | ||
| 010 | _a 2014014300 | ||
| 020 | _a9781883584740 (pbk.) | ||
| 020 | _a9781883584986 (clothbound) | ||
| 040 |
_aDLC _beng _cDLC _erda _dDLC |
||
| 042 | _apcc | ||
| 050 | 0 | 0 |
_aNA2543.S6 _bK66 2014 |
| 082 | 0 | 0 |
_a720.288 _223 _bKOO |
| 100 | 1 |
_aKoolhaas, Rem, _eauthor. _931892 |
|
| 240 | 1 | 0 |
_aSpeeches. _kSelections |
| 245 | 1 | 0 |
_aPreservation is overtaking us / _cRem Koolhaas. Supplement to OMA's Preservation manifesto / Jorge Otero-Pailos ; introduction by Mark Wigley ; edited by Jordan Carver. |
| 260 |
_aNew york; _c2014. |
||
| 300 |
_a104 pages : _bchiefly color illustrations ; _c19 cm. |
||
| 490 | 0 | _aGSAPP transcripts | |
| 505 | 0 | _aRecent work / Rem Koolhaas -- The Paul S. Byard Memorial Lecture / Rem Koolhaas -- OMA'S Preservation manifesto -- Supplement to OMA'S Preservation manifesto / Jorge Otero-Pailos. | |
| 650 | 0 |
_aArchitecture and society. _99975 |
|
| 650 | 0 |
_aHistoric preservation. _9120822 |
|
| 700 | 1 |
_aWigley, Mark, _ewriter of introduction. _9120823 |
|
| 700 | 1 |
_aCarver, Jordan, _eeditor of compilation. _9120824 |
|
| 700 | 1 | 2 |
_aKoolhaas, Rem, _eauthor. _tRecent work. _9120825 |
| 700 | 1 | 2 |
_aOtero-Pailos, Jorge, _eauthor. _tSupplement to OMA's Preservation manifesto. _9120826 |
| 710 | 2 |
_aColumbia University. _bGraduate School of Architecture, Planning, and Preservation. _9120827 |
|
| 906 |
_a7 _bcbc _corignew _d1 _eecip _f20 _gy-gencatlg |
||
| 942 |
_2ddc _cBK _aSADA _k720.288 KOO 2016 |
||
| 999 |
_c607895 _d607895 |
||